Vejez y diversidad /

Aproximaciones a la diversidad y las particularidades de los adultos mayores y del proceso de envejecimiento en la provincia de Córdoba, Argentina: 1) Recuperación de la memoria histórica en los espacios educativos para mayores, 2) Autopercepción del envejecimiento en la mujer adulta, 3) Estudio de...

詳細記述

保存先:
書誌詳細
その他の著者: Burba, María Cristina (autor) (autor)
フォーマット: 図書
言語:スペイン語
出版事項: Córdoba, Argentina : Brujas, 2013, c2013
主題:
タグ: タグ追加
タグなし, このレコードへの初めてのタグを付けませんか!

MARC

LEADER 00000nam^a2200000^a^4500
001 000338708
005 20250521000000.0
009 20260310114404.3
020 |a 978-987-591-350-9 
037 |a Acervo ITESO - Biblioteca 
041 |a ESP 
082 |a 618. 970098254  |b VEJ 
245 0 0 |a Vejez y diversidad /  |c M.C. Burba... [et al.]. 
264 4 |a Córdoba, Argentina :  |b Brujas,  |c 2013, c2013 
300 |a 223 p. 
336 |a texto  |b txt  |2 rdacontenido 
337 |a sin mediación  |b n  |2 rdamedio 
338 |a volumen  |b nc  |2 rdasoporte 
520 |a Aproximaciones a la diversidad y las particularidades de los adultos mayores y del proceso de envejecimiento en la provincia de Córdoba, Argentina: 1) Recuperación de la memoria histórica en los espacios educativos para mayores, 2) Autopercepción del envejecimiento en la mujer adulta, 3) Estudio de autoeficacia en los adultos mayores, 4) La discriminación por viejismo: estudio transcultural, 5) Miedo a la tecnología y vejez: un prejuicio, 6) Evaluación ambiental (clima social) en dos centros de asistencia a la vejez de Córdoba, Argentina, 7) Estimulación cognitiva mediante uso avanzado de computadoras, 8) Madurez personal e interioridad, 9) Salud y sabiduría y 10) Aproximación al conocimiento de actitudes de ancianos de Córdoba en relación a la muerte. 
649 |a XX 
650 |a Ancianos -  |z Córdoba, Argentina -  |x Tema Principal 
650 |a Estimulación 
650 |a Actitudes 
650 |a Percepción 
650 |a Muerte 
650 |a Diversidad Cultural -  |z Córdoba, Argentina 
650 |a Diversidad Cultural -  |z Argentina 
650 |a Discriminación -  |z Argentina 
650 |a Problemas Sociales -  |z Argentina 
650 |a Memoria Social -  |z Argentina 
650 |a Educación No Formal e Informal -  |z Argentina 
650 |a Tecnología y Sociedad -  |z Argentina 
650 |a Psicología 
650 |a Gerontología -  |x Tema Principal 
700 |a Burba, María Cristina  |e (autor) 
910 |a Fondo General 
920 |a Impresos - Libros 
930 |a Colección General 
905 |a 101 
901 |a 0500228745  |b IT1  |c ACC  |i C139036  |u 20250521 
902 |a https://opac.biblio.iteso.mx/vufind/Record/000338708